Das unbekannte spanien (Record no. 7203)

MARC details
000 -CABECERA
campo de control de longitud fija 00729nam a2200241 a 4500
001 - NÚMERO DE CONTROL
campo de control BRCA_7529
005 - FECHA Y HORA DE LA ÚLTIMA TRANSACCIÓN
campo de control 20190320205856.0
008 - DATOS DE LONGITUD FIJA--INFORMACIÓN GENERAL
campo de control de longitud fija 160513s1922----gw-a######---#000-0#ger-#
041 ## - CÓDIGO DE LENGUA
Código de lengua del texto/banda sonora o título independiente ger
044 ## - CÓDIGO DEL PAÍS DE LA ENTIDAD EDITORA/PRODUCTORA
Código MARC del país gw
050 #4 - SIGNATURA TOPOGRÁFICA DE LA BIBLIOTECA DEL CONGRESO
Número de clasificación DP42
Número de documento/Ítem .H54 1922
100 1# - ENTRADA PRINCIPAL--NOMBRE DE PERSONA
Nombre de persona Hielscher, Kurt
9 (RLIN) 18327
245 10 - MENCIÓN DE TÍTULO
Título Das unbekannte spanien
Resto del título baukunst, landschaft, volksleben
Mención de responsabilidad, etc. Kurt Hielscher.
260 ## - PUBLICACIÓN, DISTRIBUCIÓN, ETC.
Lugar de publicación, distribución, etc. Berlín
Nombre del editor, distribuidor, etc. E. Wasmuth
Fecha de publicación, distribución, etc. c1922
300 ## - DESCRIPCIÓN FÍSICA
Extensión xxii p.
Otras características físicas il., 304 láminas, fot.
Dimensiones 31 cm.
500 ## - NOTA GENERAL
Nota general Incluye índice geográfico
500 ## - NOTA GENERAL
Nota general Ver también Y122 y Q194 (ed. en español)
500 ## - NOTA GENERAL
Nota general R86
651 #4 - PUNTO DE ACCESO ADICIONAL DE MATERIA--NOMBRE GEOGRÁFICO
Nombre geográfico España
Subdivisión general Descripción y viajes
9 (RLIN) 7912
651 #4 - PUNTO DE ACCESO ADICIONAL DE MATERIA--NOMBRE GEOGRÁFICO
Nombre geográfico España
Subdivisión general Costumbres populares
9 (RLIN) 18571
902 ## - CATALOGADOR
Iniciales GFM
942 ## - ELEMENTOS DE PUNTO DE ACCESO ADICIONAL (KOHA)
Fuente del sistema de clasificación o colocación Library of Congress Classification
Tipo de ítem Koha Libros
Holdings
Estado de retiro Estado de pérdida Estado dañado No para préstamo Localización permanente Ubicación/localización actual Fecha de adquisición Número de inventario Total de préstamos Signatura topográfica completa Código de barras Fecha visto por última vez Precio válido a partir de Tipo de ítem Koha
El ejemplar forma parte de la colección y puede ser consultado según las políticas vigentes.       Biblioteca del Museo Franz Mayer (Rogerio Casas-Alatriste) Biblioteca del Museo Franz Mayer (Rogerio Casas-Alatriste) 16/05/2013 R86   DP42 .H54 1922 (R86) 8134 22/03/2019 22/03/2019 Libros